Statistics for Flags of Countries of the World before World War II

Click here to take the quiz!

General Stats

  • This quiz has been taken 500 times
  • The average score is 55 of 72

Answer Stats

Answer% Correct
United Kingdom
99%
United States
99%
Australia
95%
New Zealand
94%
France
92%
Japan
92%
Belgium
91%
Germany
90%
Italy
90%
Netherlands
90%
Soviet Union
90%
Portugal
89%
Spain
89%
Luxembourg
88%
Switzerland
88%
China
86%
Sweden
86%
Denmark
85%
Finland
85%
Norway
85%
Iceland
84%
Canada
82%
Argentina
81%
Chile
81%
Panama
80%
Nepal
79%
Turkey
79%
Brazil
78%
Cuba
78%
Uruguay
78%
Estonia
77%
Ireland
77%
Mexico
77%
Poland
77%
Saudi Arabia
77%
Siam
77%
Vatican City
77%
Romania
76%
Colombia
75%
Dominican Republic
75%
Haiti
75%
Honduras
75%
Latvia
75%
Liberia
75%
South Africa
75%
Venezuela
75%
Bulgaria
74%
Costa Rica
73%
Liechtenstein
73%
Paraguay
73%
Peru
73%
San Marino
73%
Afghanistan
72%
Ecuador
71%
Monaco
71%
Nicaragua
71%
El Salvador
70%
Hungary
70%
Lithuania
70%
Greece
69%
Andorra
68%
Guatemala
68%
Mongolia
65%
Iran
63%
Yugoslavia
61%
Tibet
60%
Bolivia
58%
Egypt
51%
Iraq
48%
Danzig
40%
Yemen
39%
Tuva
36%

Score Distribution

Percentile by Number Answered

Percent of People with Each Score

Your Score History

You have not taken this quiz